00962nam a22002297a 45000010005000000030006000050050017000110080041000280200018000690400029000870820010001161000020001262450106001462600044002523000058002965050007003545200243003615210027006045210018006316500048006497000035006979179FISKH20251127102633.0251127b cb ||||| |||| 00| 0 eng d a9781842504079 aFISKHbengcFISKHdFISKH a636.9 aAndrews, Jackie aDaisy the dizzy calf : bHospital farm / cWritten by Jackie Andrews ; Illustrated by Jacqueline East aQueen Street : bBright Sparks, c2002. a32 unnumbered pages : bcolor illustrations ; c24 cm aJ  aTabby and the Cockerel is a charming children’s book about a cat and a rooster who live on a hospital farm. Despite their differences, they form a deep friendship and learn important lessons about cooperation, trust, and helping others.8 a430 bLexile estimate 8 aJ bRaz-Plus  aFarm animalsvFictionxChildren’s fiction aEast, Jacquelineeillustrator